Générique Alvin et les Chipmunks - Paroles - Statistiques

Statistiques générales
  • Ce quiz a été pris 25 fois
  • Le résultat moyen est 7 sur 16
Statistiques - réponses
Paroles % Correct
Alvin et les {Chipmunks}
100%
C.H.I.P.M.U.N.{K}
72%
{Alvin}, Simon, Théodore
68%
Voici les {Chipmunks}
68%
C'est les {Chipmunks}
64%
Alvin et les {Chipmunks}
60%
Alvin et les {Chipmunks}
60%
Alvin et les {Chipmunks}
52%
C'est les {Chipmunks}
52%
C'est les {Chipmunks}
52%
C'est l'aventure, à toute {allure}
28%
Quoi qu'il arrive, on va bien {rire}
16%
Garanti pour nous, c'est la {joie}
4%
Toujours pour et encore plus {fort}
4%
C'est la panique, tout en {musique}
0%
Quand ils arrivent, c'est le {délire}
0%
Aucun quiz correspondant
Distribution des résultats
% des personnes avec chaque résultat
Percentile par nombre de réponses
Votre historique - résultats
Vous n’avez pas pris ce quiz